My Little Pony: Pony Tales Vol #1 /

Collecting the six hit spotlight issues on everyone's favorite ponies! Twilight Sparkle, Rainbow Dash, Rarity, Fluttershy, Pinkie Pie...everybody gets a story!

Bibliographic Details
Corporate Author: Library Pass, LLC
Other Authors: Kesel , Barbara (writer.), Cook , Katie (writer.), Lindsay , Ryan (writer.), Various, (writer.)
Format: eBook
Language:English
Published: [United States] : IDW, 2013.
Subjects:
Online Access:Connect to this electronic book (First time users create your free account)

MARC

Tag First Indicator Second Indicator Subfields
LEADER 00000nmm a22000001a 4500
001 in00004615331
006 m|||||o||m||||||||
007 cr|cn |||uuuuu
008 221118s2013 xxu||||bo|||| ||||||eng d
005 20221207214733.5
035 |a (TxWaIVM)IV41832IDMy 
040 |a TxWaIVM  |c TxWaIVM 
245 0 0 |a My Little Pony: Pony Tales Vol #1 /  |c powered by Library Pass. 
260 3 |a [United States] :  |b IDW,  |c 2013. 
300 |a 1 online resource. 
336 |a text  |b txt  |2 rdacontent 
337 |a computer  |b c  |2 rdamedia 
338 |a online resource  |b cr  |2 rdacarrier 
520 |a Collecting the six hit spotlight issues on everyone's favorite ponies! Twilight Sparkle, Rainbow Dash, Rarity, Fluttershy, Pinkie Pie...everybody gets a story! 
521 |a 1 
538 |a Requires a valid library card and registration for new users. 
538 |a Mode of access: World Wide Web. 
538 |a System requirements: Flash 10.1 or higher, Windows XP and higher, Internet Explorer 7 and higher, Firefox 3.6 and higher, Google Chrome; Max OS 10.5 and higher, Safari 4 and higher. 
650 0 |a Comic books, strips, etc. 
655 7 |a Electronic books.  |2 local 
655 7 |a Comic books, strips, etc.  |2 gsafd 
650 0 |a Fantasy comic books, strips, etc. 
655 7 |a Fantasy comic books, strips, etc.  |2 gsafd 
700 1 |a Kesel , Barbara.  |e writer. 
700 1 |a Cook , Katie.  |e writer. 
700 1 |a Lindsay , Ryan.  |e writer. 
700 1 |a Various, .  |e writer. 
700 1 |a Mebberson , Amy.  |e artist. 
700 1 |a Curnow , Bobby.  |e artist. 
700 1 |a Various, .  |e artist. 
710 2 |a Library Pass, LLC. 
856 4 0 |u http://proxy.library.tamu.edu/login?url=https://tamu.librarypass.com/product/com.iversecomics.idw.my.little.pony.pony.tales.vol.one.english.09212013  |z Connect to this electronic book (First time users create your free account)  |t 0 
955 |a Comics Plus. 
999 f f |s 4def3314-51cf-4454-b8a3-58f92dd8fe81  |i 359e5988-caa4-4b68-a975-6c00aa021640  |t 0 
952 f f |a Texas A&M University  |b College Station  |c Electronic Resources  |d Available Online  |t 0  |h Library of Congress classification 
998 f f |t 0  |l Available Online